000 00903nam a2200253Ia 4500
003 OSt
005 20221005105356.0
006 a|||||r|||| 00| 0
007 ta
008 221004b |||||||| |||| 00| 0 hin d
024 _a30928
037 _cTextual
040 _aCRL
_cCRL
_bhin
041 _2hin
_ahin
082 _aV2:2'N7, 152M0
100 _aसईद, एस. एम.
245 0 _aभारतीय राजनीतिक प्रणाली
246 _aBhāratīya rājanītik praṇālī
250 _aद्वितीय संशोधित संस्करण
260 _aनई दिल्ली
_bदि मैकमिलन कंपनी ऑफ इंडिया लिमिटेड भारत
_c1980
300 _a406पृ.
_ccm.
942 _hV2:2'N7, 152M0
_cTEXL
_2cc
999 _c1015642
_d1015642